| 000 | 00543nam a2200169 i 4500 | ||
|---|---|---|---|
| 001 | 99643 | ||
| 003 | ES-MaACL | ||
| 005 | 20230906182530.0 | ||
| 007 | t| | ||
| 008 | 050914s1932 sp ||||1| spa d | ||
| 100 | 1 |
_aMartínez Aguiar, Manuel. _977821 |
|
| 245 | 1 | 3 |
_aEl Estatuto de Cataluña _b: la participación ministerial del Socialismo / _cManuel Martínez Aguiar. |
| 260 |
_aMadrid : _bRivadeneyra, _c1932. |
||
| 300 |
_a98 p. ; _c19 cm. |
||
| 610 | 1 |
_aCataluña. _tEstatuto de autonomía, 1932. _9163697 |
|
| 852 |
_aES-MaACL _j1747-F-11 |
||
| 999 |
_c99643 _d99643 |
||